Iniciación a los ejercicios espirituales
Saved in:
| Hovedforfatter: | |
|---|---|
| Format: | Bog |
| Sprog: | spansk |
| Udgivet: |
Santander
Sal Terrae
1952
|
| Fag: | |
| Tags: |
Tilføj Tag
Ingen Tags, Vær først til at tagge denne postø!
|
MARC
| LEADER | 00000cam a2200000 a 4500 | ||
|---|---|---|---|
| 001 | UCD1133 | ||
| 003 | CL-VaPUC | ||
| 008 | 160107e19520000sp |||||||||||||||||spa|d | ||
| 082 | 0 | 4 | |a 248.34 |b VAL |2 21 |
| 100 | 0 | |a Valensin, Albert |e author |9 584227 | |
| 245 | 1 | 0 | |a Iniciación a los ejercicios espirituales |
| 300 | |a 487 p | ||
| 942 | |c BK | ||
| 945 | |d 20160107 17:53:00 |a gsalatino | ||
| 260 | |a Santander |b Sal Terrae |c 1952 | ||
| 650 | 0 | |a Ejercicios espirituales |9 318608 | |
| 650 | 0 | |a Conciencia |9 309452 | |
| 650 | 7 | |a MEDITACION |2 CL-VaPUC |9 313094 | |
| 583 | |a last modification |c 20160107 17:53:00 |k Rodrigo Vera | ||
| 999 | |c 362547 |d 362545 | ||
| 952 | |0 0 |1 0 |3 erb |4 0 |6 248_340000000000000_VAL_1952 |7 0 |8 P |9 473849 |a BIBTEO |b BIBTES |c TEO_FTES |i 5275822 |o 248.34 VAL 1952 |p 5275822 |r 2024-01-18 |w 2019-11-24 |y BK |z Catalogado en:20160107 |k ICR | ||